000 00293nam a22001337a 4500
003 SGT
020 _a9780470661239
082 _a363.25
_bHAL
100 _aHALL DAVID W
245 _aFORENSIC BOTANY A PRACTICAL GUIDE
260 _aUSA
_bWILEY PUB
_c2012
300 _a195
942 _2ddc
_cBK
999 _c34721
_d34721